Player Scramble - VCT 2024 EMEA #1 - Statistics

General Stats
  • This quiz has been taken 217 times
  • The average score is 17 of 27
Answer Stats
Hint Answer % Correct
obo Boo
99%
binmioo MiniBoo
98%
ihro hiro
95%
dnec cNed
90%
etxrx trexx
89%
ytueyje yetujey
87%
u0rpp purp0
83%
okeki Keiko
80%
onze Enzo
79%
kdree Derke
77%
litee Elite
76%
otfihn1 Fit1nho
74%
oash Shao
73%
agummn Magnum
69%
duclo Cloud
66%
syeodhs Sheydos
61%
g1ane ANGE1
52%
rpuaa pAura
51%
antkna nataNk
46%
zbyae beyAz
41%
aaskt TakaS
39%
ytsaozm tomaszy
37%
tcsimi Mistic
34%
rfnimla MrFaliN
26%
faimis Famsii
25%
ayezr reazy
21%
lwsaier Wailers
17%
No matching quizzes found
Score Distribution
Percent of People with Each Score
Percentile by Number Answered
Your Score History
You have not taken this quiz